Staletí kolem nás : Přehled stavebních slohú

Gespeichert in:
Bibliographische Detailangaben
1. Verfasser: Herout, Jaroslav (Verfasst von)
Format: Buch
Sprache:Tschechisch
Veröffentlicht: Praha : Paseka, 2001
Ausgabe:5.prepr. a dopl.
Schlagworte:
Tags: Tag hinzufügen
Keine Tags, Fügen Sie das erste Tag hinzu!

MARC

LEADER 00000nam a22000003a 4500
001 stu89608
005 20150617225623.5
008 040816s2001------------------------cze-d
020 |a 8071853895 
040 |a STU  |b slo 
041 0 |a cze 
100 1 |a Herout, Jaroslav  |4 aut 
245 1 |a Staletí kolem nás :  |b Přehled stavebních slohú 
250 |a 5.prepr. a dopl. 
260 |a Praha :  |b Paseka,  |c 2001 
300 |a 358 s 
650 7 |a architektúra-dejiny  |2 stusub 
996 |b 284AU03054  |c A*4048 U  |l AAKNST  |s P  |a 0  |w stu89608_0001